00605nam a22001937a 4500003000500000005001700005008004100022010001000063011001000073035001000083040000900093082001600102110008800118245011300206260002800319300000800347500003100355650002500386CHAP20220329135820.0971013s r 00010 d a42725 a43697 a47833 cCHAP a333.91bM49 aMéxico. Dirección General de Usos del Agua y Prevención de la Contaminación aUsos del agua en la cuenca del Valle de México, marco de referencia de los usos del agua a nivel municipal a(s.l. :bs.e.),c(s.a.) as.p aLa biblioteca tiene: anexo14aAguaxUtilización.